|
|
|
|
| LEADER |
01405nam a2200361Ia 4500 |
| 001 |
EBC819508 |
| 003 |
MiAaPQ |
| 005 |
20200520144314.0 |
| 006 |
m o d | |
| 007 |
cr cn||||||||| |
| 008 |
111213s2011 caua sb 000 0 eng d |
| 020 |
|
|
|z 9781855757776
|
| 020 |
|
|
|z 9781849409476
|
| 035 |
|
|
|a (MiAaPQ)EBC819508
|
| 035 |
|
|
|a (Au-PeEL)EBL819508
|
| 035 |
|
|
|a (CaPaEBR)ebr10516119
|
| 035 |
|
|
|a (OCoLC)780425693
|
| 040 |
|
|
|a MiAaPQ
|c MiAaPQ
|d MiAaPQ
|
| 050 |
|
4 |
|a HC240
|b .L544 2011
|
| 245 |
0 |
0 |
|a Life after Lisbon
|h [electronic resource] :
|b Europe's challenges to promote labour force participation and reduce income inequality /
|c Christian van Stolk ... [et. al.].
|
| 246 |
3 |
|
|a Lisbon Strategy
|
| 260 |
|
|
|a [S.l.] ;
|a Santa Monica, CA :
|b Rand Europe,
|c 2011.
|
| 300 |
|
|
|a xviii, 70 [1] p. :
|b ill.
|
| 500 |
|
|
|a MG-1068-RE.
|
| 504 |
|
|
|a Includes bibliographical references.
|
| 533 |
|
|
|a Electronic reproduction. Ann Arbor, MI : ProQuest, 2015. Available via World Wide Web. Access may be limited to ProQuest affiliated libraries.
|
| 610 |
2 |
0 |
|a European Council.
|
| 650 |
|
0 |
|a Manpower policy
|z European Union countries.
|
| 651 |
|
0 |
|a European Union countries
|x Economic policy.
|
| 655 |
|
4 |
|a Electronic books.
|
| 700 |
1 |
|
|a Stolk, Christian van.
|
| 710 |
2 |
|
|a ProQuest (Firm)
|
| 856 |
4 |
0 |
|u https://ebookcentral.proquest.com/lib/matrademy/detail.action?docID=819508
|z Click to View
|